000 00484nam a22001697a 4500
003 NUST
005 20260417164437.0
008 260417b ||||| |||| 00| 0 eng d
020 _a978-969-8250-00-0
082 _a551.579989
_bIQB
100 _aMuhammad Iqbal Khan.
_9134207
245 _aGlaciology: Glacier and Avalanche Research /
_cMuhammad Iqbal Khan.
260 _aPakistan:
_bOcean Printers,
_c1994.
300 _a276 p ;
_c26.00 cm
563 _aPaperback
942 _2ddc
_cBK
999 _c617180
_d617180